Oeuvres où apparaissent des dragons - Statistiques

Statistiques générales
  • Ce quiz a été pris 31 fois
  • Le résultat moyen est 13 sur 30
Statistiques - réponses
Description Oeuvre/Univers % Correct
Les Targaryen y contrôlent des dragons House of the Dragon
89%
Shenron, Porunga, ou encore les Dragons maléfiquessont des dragons apparaissant dans cette oeuvre Dragon Ball
85%
Univers où l'on peut retrouver notamment le Magyar à Pointes, affronté lors du Tournoi des 3 Sorciers Harry Potter
85%
Smaug y est un des derniers représentants de son espèce Le Hobbit
85%
Harold rencontre des espèces de dragons aussi variéesque la Furie Nocturne, l'Hideux Braguettaure ou encore le Cauchemar Monstrueux Dragons
81%
Le type Dragon est un des 18 types de cet univers peuplé de créatures vivant en harmonie avec les humains Pokémon
81%
Vous pensiez qu'il était impossible qu'un âne et un dragon puissent s'accoupler? Et bien ici c'est possible! Shrek
78%
Fier compagnon rouge d'une femme chinoise se faisant passer pour un homme Mulan
74%
Le mythique Dragon Blanc aux Yeux Bleus est une créature phare de cet univers Yu-Gi-Oh
74%
Série de jeux vidéos sur un dragon violet devant sauver ses amis transformés en cristal Spyro
63%
Le héros de cette oeuvre découvre une pierre bleuequi s'avère être un oeuf de dragon Eragon
56%
Falkor, un dragon blanc très long, porte le héros sur son dos vers un monde d'imagination L'Histoire sans fin
56%
Lian-Chu, Gwizdo et Hecto traquent des dragons dans un monde fait d'îles flottantes Chasseurs de Dragons
44%
Dans cet univers de magie, celle de chasseurs de dragons est une des plus puissantes Fairy Tail
44%
Alduin, ou le Dévoreur de mondes, ressuscite des dragonsdans toute la terre de Bordeciel Skyrim
44%
Kaido y possède un pouvoir qui lui permet de se changer en dragon bleu géant One Piece
41%
Un petit garçon de 12 ans se lie d'amitié avec un dragoncapable de se rendre invisible Peter et Elliott le dragon
33%
Notre rôle est de nous occuper de dragons sur une série d'îles où des évènements ont lieu, dans ce jeu sur télephone Dragon City
22%
Deuxfleurs et Rincevent atterrissent dans un antre dedragons contre leur gré, dans un monde plat reposant sur le dos de 4 éléphants Le Disque-Monde
22%
"Le Grand Dragon", celui qui a été enchaîné par Uther Pendragon sous Camelot Merlin
22%
Un des ennemis principaux de cette franchise est un dragon à trois têtes nommé Ghidorah Godzilla
15%
Classique, méta ou encore oméga, Ridley apparaît également dans Smash Bros Metroid
15%
Dans cet univers de jeu, les Dragons sont divisés entreDragons Chromatiques, Métalliques ou Diamantins Donjons & Dragons
11%
Si je vous dis dragon de Kuja, chef des Silver Dragons et dernier boss avant le 4ème disque, ça vous dit quoi? Final Fantasy IX
7%
Les Dragon anciens, tel que le Fatalis, représentent la plus grande menace lors des missions effectuées durant l'aventure de ce jeu Monster Hunter
7%
Maître Chem et Charm sont les 2 dragons notable decette histoire Tara Duncan
7%
Dans quel jeu vidéo croise-t-on les 3 dragons Nedrac, Ordrac et Rordrac? The Legend of Zelda: Breath of the Wild
7%
Après un ballon de basket avec des ailes, c'est au tourdes dragons d'apparaître sur smartphone Flappy Dragon
0%
Cette série littéraire présente entre autres l'installationde dragons et de leurs maîtres dans la cité ancienne de Kelsingra L'Assassin royal
0%
Dans cet univers, il faut prendre garde aux Dragons du Chaos Warhammer
0%
Aucun quiz correspondant
Distribution des résultats
% des personnes avec chaque résultat
Percentile par nombre de réponses
Votre historique - résultats
Vous n’avez pas pris ce quiz